Statystyki dla Odpowiedź Zaczyna się na "F"

Kliknij tutaj aby rozwiązać quiz!

Ogólne statystyki

  • Ten quiz został rozwiązany 5,070 razy
    (3,506 od ostatniego zresetowania)
  • Średni wynik to 14 z 25

Statystyki odpowiedzi

Pytanie Odpowiedź % poprawnych
Przywódcą, którego kraju był Napoleon Bonaparte?Francja
100%
Jak miał na imię pochodzący z Żelazowej Woli kompozytor?Fryderyk
88%
Jak na nazwisko miała kreskówkowa "nowoczesna rodzina jaskiniowców"?Flintstonowie
86%
Jaką nazwę nosi włoska marka samochodów, której nazwa wzięła się od nazwiska założyciela?Ferrari
85%
Jaką nazwę nosi pierwiastek chemiczne o symbolu "P"?Fosfor
83%
Jak nazywa się nauka zajmująca się rozważaniami na temat istoty bytu, źródeł poznania itp?Filozofia
80%
Jak określa się rozpoczęcie biegu przed sygnałem startera?Falstart
77%
Podaj jedną z nazw ruchu na rzecz prawnego i społecznego równouprawnienia kobiet.Feminizm
70%
Stolicą jakiego państwa jest Manila?Filipiny
68%
Jak nazywa się zjawisko optyczne powstające na pustyni lub na morzu, polegające na złudnym
ukazywaniu się w powietrzu wielokrotnych, zmieniających się obrazów?
Fatamorgana
67%
Jak nazywa się dział gospodarki (jak i nauki) zajmujący się lekami począwszy od ich
projektowania poprzez produkcję aż do dystrybucji?
Farmaceutyka
61%
Podaj imię oraz nazwisko nieżyjącego już wokalisty zespołu Queen.Freddie Mercury
54%
Jaki tytuł ma książka George'a Orwell'a o "rewolucji zwierząt"?Folwark Zwierzęcy
51%
Jaki tytuł ma seria komiksów wydawnictwa Marvel o grupie czwórki
superbohaterów z Nowego Jorku?
Fantastyczna
Czwórka
51%
Jak nazywa się dział językoznawstwa zajmujący się opisem głosek danego języka?Fonetyka
47%
Jak określa się osobę zbierającą znaczki pocztowe?Filatelista
47%
Jaką nazywał się w starożytnej Grecji i Macedonii zwarty szyk bojowy ciężkozbrojnej piechoty?
-Zazwyczaj od 8 do 16 rzędów Hoplitów.
Falanga
47%
Jaką nazwę nosi najwyższy szczy Japonii?Fudżi
45%
Jak ogółem określa się twórczość literacką lub filmową, której fabuła jest umieszczana
w przyszłości lub w innych częściach wszechświata?
Fantastyka Naukowa
44%
Jak nazywa się zjawisko polegające na złączeniu się dwóch lżejszych jąder w jedno cięższe?Fuzja Jądrowa
42%
Jak nazywał się znany amerykański piosenkarz i aktor pochodzący z Hoboken?
Twórca takich utworów jak "New York, New York", "Strangers in the Night" oraz "Let it Snow".
Frank Sinatra
35%
Jaki tytuł ma mająca już prawie piętnaście odsłon seria gier RPG od Square (Square-Enix)?Final Fantasy
32%
Osoba trudniąca się spławem drewna, to?Flisak
32%
Jaki tytuł ma dramat Goethego opowiadający o zakładzie Boga z Mefistofelesem?Faust
28%
Jaki tytuł ma serial animowany o perypetiach i codziennym życiu rodziny Griffinów?Family Guy
26%

Rozkład punktacji

Percentyl według liczby udzielonych odpowiedzi

Procent ludzi z każdym wynikiem

Twoja historia wyników

Nie rozwiązałeś tego quizu od ostatniego zresetowania